000 00667nam a2200253Ia 4500
001 47871
005 20240114003847.0
007 ta
008 090506s1994 g b000 u 465 u
020 _cHB
040 _aCotton College,Assam
041 _a465
082 _a515.3
_bEd 92 Ad
100 _aEdwards, C. H. .
245 0 _aAdvanced Calculus of Several Variables /
_cC. H. Edwards.
_hTextual Documents
250 _a1st ed /
260 _aNew York :
_bDover Publications Inc. ,
_c1994.
300 _a457p ;
_c23 cm.
653 _aMathematics
653 _aT/G-Mathematics
942 _2ddc
_cBK
999 _c47836
_d47836